000 00255nam a22001097a 4500
003 OSt
008 250211b |||||||| |||| 00| 0 eng d
041 _aeng
100 _aSahasrabudhe, S R.
_9148
245 _aText Book of Irrigation Engineering
942 _cBK
999 _c19353
_d19353